000 01930cam a22004337a 4500
003 CHAP
005 20220329141937.0
008 980831d1997 mx rs 00110 spa d
010 _a76052
011 _a77024
020 _a970-13-1760-2
020 _a9701343077
035 _a86621
040 _cCHAP
082 0 4 _a331.11
_bI56 Qro.
110 2 _aInstituto Nacional de Estadística, Geografía e Informática. México
_959304
245 1 0 _aEncuesta nacional de empleo :
_bQuerétaro
_c/por Instituto Nacional de Estadística, Geografía e Informática
260 _aAguascalientes, Ags. :
_bInstituto Nacional de Estadística, Geografía e Informática,
_c1997-19
300 _av. :
_banexo
500 _aLa biblioteca tiene : 1996, 1998, 2000, 2002
590 _aBATCH-UPD
_b10
_c20130110
_lUCH01
_h0654
590 _aBATCH-UPD
_b10
_c20130410
_lUCH01
_h0338
590 _aBATCH-UPD
_b10
_c20130914
_lUCH01
_h1154
590 _aCONVERSION
_b10
_c20130109
_lUCH01
_h1342
650 1 4 _aDesempleo.
_932123
650 1 4 _aEmpleo
_xQuerétaro.
_936575
650 1 4 _aQuerétaro
_xCondiciones económicas.
_993193
650 1 4 _aTrabajo y trabajadores
_xQuerétaro.
_9114542
901 _aBK
905 _aLilia Sánchez G.
942 _cLIBRO
949 _a331.11 I56 Qro.
_bBC
_cINEGI
_d33724000701314
_eINEGI
_f1996
_h93890
_i86621
_sb
949 _a331.11 I56 Qro.
_bBC
_cINEGI
_d33724000773693
_eINEGI
_f1998
_h97806
_i86621
_sb
949 _a331.11 I56 Qro.
_bBC
_cINEGI
_d33724000791166
_eINEGI
_f1998 c.3
_h99017
_i86621
_kDonaciØn
_sb
949 _a331.11 I56 Qro.
_bBC
_cINEGI
_d33724000793469
_eINEGI
_f1998 c.2
_h98613
_i86621
_kDonaciØn
_sb
949 _a331.11 I56 Qro.
_bBC
_cINEGI
_d33724000846226
_eINEGI
_f1996 c.2
_gDonaciØn
_h101246
_i86621
_sb
949 _a331.11 I56 Qro.
_bBC
_cINEGI
_d33724000874491
_eINEGI
_f2000
_gDonaciØn
_h102832
_i86621
_sb
949 _a331.11 I56 Qro.
_bBC
_cINEGI
_d33724000910485
_eINEGI
_f2002
_gDonaciØn
_h104080
_i86621
_sb
999 _c76052
_d76052